Essays on the construction of farm buildings and labourers' cottages (Record no. 114136)

MARC details
000 -LEADER
fixed length control field 00683cam a22001935a 4500
001 - CONTROL NUMBER
control field L156263
008 - FIXED-LENGTH DATA ELEMENTS--GENERAL INFORMATION
fixed length control field 120509s1849 xxk f 000 0 eng d
035 ## - SYSTEM CONTROL NUMBER
System control number (Sirsi) u156263
041 0# - LANGUAGE CODE
Language code of text/sound track or separate title eng
100 1# - MAIN ENTRY--PERSONAL NAME
Personal name Dean, G. A.
Fuller form of name (George Alfred)
Dates associated with a name 1813 or 14-1898
245 00 - TITLE STATEMENT
Title Essays on the construction of farm buildings and labourers' cottages
260 ## - PUBLICATION, DISTRIBUTION, ETC.
Place of publication, distribution, etc. Stratford, [England]
-- London
Name of publisher, distributor, etc. S. Morris
-- Simpkin, Marshall
Date of publication, distribution, etc. 1849
300 ## - PHYSICAL DESCRIPTION
Extent 32, 14, xiv p., 16 leaves of plates (some folded)
Other physical details ill., plans
Dimensions 4o
583 0# - ACTION NOTE
Action Condition reviewed
Time/date of action 20120620
Status condition level 3
651 #4 - SUBJECT ADDED ENTRY--GEOGRAPHIC NAME
Geographic name Great Britain
Chronological subdivision 1707-
690 ## - LOCAL SUBJECT ADDED ENTRY--TOPICAL TERM (OCLC, RLIN)
Topical term or geographic name as entry element Residential property
9 (RLIN) 6266
690 ## - LOCAL SUBJECT ADDED ENTRY--TOPICAL TERM (OCLC, RLIN)
Topical term or geographic name as entry element Rural
9 (RLIN) 6268
942 ## - ADDED ENTRY ELEMENTS (KOHA)
Suppress in OPAC 0
Holdings
Withdrawn status Lost status Source of classification or shelving scheme Damaged status Not for loan Home library Current library Shelving location Date acquired Total Checkouts Full call number Barcode Date last seen Copy number Price effective from Koha item type
    Dewey Decimal Classification     Historic collection Historic collection Historic collection 09/05/2012   FOLIO 1849 DEAN 30077606 06/08/2019 1 06/08/2019 Book